Politics at the margin : historical studies of public expression outside the mainstream (Record no. 387111)

MARC details
000 -LEADER
fixed length control field 00716nam a2200205Ia 4500
008 - FIXED-LENGTH DATA ELEMENTS--GENERAL INFORMATION
fixed length control field 191130s1994##################000#0#eng##
020 ## - INTERNATIONAL STANDARD BOOK NUMBER
ISBN 9780521461849
082 ## - DEWEY DECIMAL CLASSIFICATION NUMBER
Classification number 320 HER
100 ## - MAIN ENTRY--AUTHOR NAME
Personal name Herbst, Susan
245 ## - TITLE STATEMENT
Title Politics at the margin : historical studies of public expression outside the mainstream
Statement of responsibility, etc Susan Herbst
260 ## - PUBLICATION, DISTRIBUTION, ETC. (IMPRINT)
Place of publication Cambridge
Name of publisher Cambridge University Press
Year of publication 1994
300 ## - PHYSICAL DESCRIPTION
Number of Pages x, 231 p. : ill. ; 24 cm
500 ## - GENERAL NOTE
General note Includes bibliographical references (p. 211-221) and index
650 ## - SUBJECT ADDED ENTRY--TOPICAL TERM
Topical Term Communication in politics - Case studies
Topical Term Marginality, Social - Case studies
991 ## -
-- 195330

No items available.

Find us on the map